Studies of Indian Writing in English (Record no. 43330)

MARC details
000 -LEADER
fixed length control field 00469nam a2200181Ia 4500
008 - FIXED-LENGTH DATA ELEMENTS--GENERAL INFORMATION
fixed length control field 220531s9999 xx 000 0 und d
041 ## - LANGUAGE CODE
Language code of text/sound track or separate title eng
082 ## - DEWEY DECIMAL CLASSIFICATION NUMBER
Item number STU / JHA
100 ## - MAIN ENTRY--PERSONAL NAME
Personal name Jha, A. K. / Naik, R. K.
9 (RLIN) 78174
245 ## - TITLE STATEMENT
Title Studies of Indian Writing in English
250 ## - EDITION STATEMENT
Edition statement 1ST
260 ## - PUBLICATION, DISTRIBUTION, ETC. (IMPRINT)
Place of publication, distribution, etc. New Delhi
Name of publisher, distributor, etc. Crescent
Date of publication, distribution, etc. 2014
300 ## - PHYSICAL DESCRIPTION
Extent 260
542 ## - INFORMATION RELATING TO COPYRIGHT STATUS
Copyright holder 07-09-2017
650 ## - SUBJECT ADDED ENTRY--TOPICAL TERM
Topical term or geographic name as entry element Indian Writing
9 (RLIN) 78175
906 ## - LOCAL DATA ELEMENT F, LDF (RLIN)
d 2017-2018
f 11263
Holdings
Withdrawn status Lost status Source of classification or shelving scheme Damaged status Not for loan Collection code Home library Current library Date acquired Vendor Cost, normal purchase price Total Checkouts Total Holds Full call number Barcode Date last seen Cost, replacement price Bill Date Koha item type Original Barcode
    Dewey Decimal Classification       Shri Siddhivinayak Mahila Mahavidyalaya Shri Siddhivinayak Mahila Mahavidyalaya 14/09/2017 Vaibhav 1070.00   1 /STU/JHA/B/19926 SSMM-BK-19926 06/08/2022 1070.00 06/08/2022 Books 010019926